000 01255cam a22002054a 4500
005 20250605164115.0
008 250528s ||||||||||||||||||||||||d
035 _a18074
020 _a205083625
040 _aGR-AtMCL
_bgre
_dGR-AtMCL
_eAACR2
245 1 _aConcepts in Information Processing / The Interdependence of People with Technology
260 _bAddison-Wesley Publishing Company,
_c1985
300 _a346
520 _aPreface, Introduction to Information Processing, Characteristics of Information Processing, Processing Information on Computers, Components of Information Processing Systems, Originating Information, Word Processing Systems, Processing Test, Integrated Information Processing Technologies, Printer Output and Magnetic Storage Options, Image Processing, Electronic Distribution Systems and Telecommunications Networks, Planning and Implementing Integrated Systems, Planning for Integrated Information Systems, Implementing a Personalized Integrated System, Career Options and Alternative Work Styles, Careers in Information Processing, The Challenge of Changing Work and Life Styles, Glossary, Index.
700 1 _aDake Donette
_94358
700 1 _aWill Mimi
_94359
942 _cBK
999 _c3461
_d3461